| 000 | 00965nas a2200301 4500 | ||
|---|---|---|---|
| 001 | BR0603446 | ||
| 003 | BR-BrBNA | ||
| 005 | 20231205110223.0 | ||
| 007 | ta | ||
| 008 | 230509b bl.|||p| |||| 00| 00por d | ||
| 040 |
_aBR-BrBNA _bpor _cBiblioteca Nacional de Agricultura |
||
| 041 | _a(Pt) | ||
| 072 | _aF02 | ||
| 100 | 1 | _aCosta, F.H. da S. | |
| 100 | 1 | _aPereira, J.E.S. | |
| 100 | 1 | _aPereira, M.A.A. | |
| 100 | 1 | _aOliveira, J.P. de | |
| 245 | 1 | _aEfeito da interação entre carvão ativado e nitrogênio6-benzilaminopurina na propagação in vitro de bananeira, cv. Grand Naine (AAA) | |
| 650 | _aBANANA | ||
| 650 | _aCULTURA IN VITRO | ||
| 650 | _aCARVÃO | ||
| 650 | _aPROPAGAÇÃO VEGETATIVA | ||
| 650 | _aCOMPOSTO FENÓLICO | ||
| 650 | _aOXIDAÇÃO | ||
| 773 | 0 |
_tRevista Brasileira de Fruticultura (Brazil) _xISSN 0100-2945 _g(Aug 2006), v. 28(2) p. 280-283 _wBR0603446 |
|
| 909 |
_a202311 _bLúcia _c55 _dLúcia Elande |
||
| 942 |
_2AGRIS _n0 _cANA |
||
| 999 |
_c186561 _d186561 |
||